000
00305nam a22001337a 4500
008
260323b ||||| |||| 00| 0 eng d
020
_a
9789951053471
041
_a
eng
080
_a
821.111
100
_a
25
101
_a
Tregime
245
_a
Tregimi i Lepurit Piter
_c
Beatrix Potter
942
_2
udc
_c
BK
999
_c
60918
_d
60918